Statistics for New York Mets Trivia

Click here to take the quiz!

General Stats

  • This quiz has been taken 305 times
  • The average score is 12 of 13

Answer Stats

QuestionAnswer% Correct
What Mr. Met, the official mascot of the Mets, has for a heada Baseball
96%
Term for a series in which the Mets play the Yankees{Subway} Series
96%
Slugger who set a rookie record with 53 home runs in 2019Pete Alonso
94%
Stadium that the Mets played in from 1964–2008Shea Stadium
94%
The Mets all-time home runs leader (hint: a fruit)Darryl Strawberry
93%
Ace who won Cy Young awards in 2018 and 2019Jacob deGrom
93%
Nickname of 1969 World Series winning squad{Miracle} Mets
90%
Third baseman who played his entire career for the Mets from 2004–2018David Wright
89%
Pitch that R. A. Dickey used to win the 2012 Cy Young awardKnuckleball
89%
Pitcher who won a franchise record 198 games for the Mets from 1967–1977Tom Seaver
87%
Nickname of the above (hint: an animal)Polar Bear
82%
Phenom who recorded a 24-4 record and 1.53 ERA in 1985Dwight Gooden
80%
1980s first baseman who later appeared on "Seinfeld"Keith Hernandez
80%

Score Distribution

Percentile by Number Answered

Percent of People with Each Score

Your Score History

You have not taken this quiz